Least Populous States in Every Census - Statistics

General Stats
  • This quiz has been taken 31 times
  • The average score is 12 of 24
Answer Stats
Census State Population % Correct
1990 Wyoming 453,588
81%
2000 Wyoming 493,782
81%
2010 Wyoming 563,826
81%
2020 Wyoming 576,851
81%
1960 Alaska 226,167
74%
1970 Alaska 302,173
74%
1980 Alaska 401,851
74%
1790 Delaware 59,094
67%
1800 Delaware 64,273
67%
1810 Delaware 72,674
67%
1930 Nevada 91,058
48%
1940 Nevada 110,247
48%
1950 Nevada 160,083
48%
1890 Nevada 47,335
44%
1900 Nevada 42,335
44%
1910 Nevada 81,875
44%
1920 Nevada 77,407
44%
1870 Nevada 42,941
41%
1880 Nevada 62,266
41%
1860 Oregon 52,465
19%
1830 Delaware 76,748
15%
1840 Delaware 78,085
15%
1850 Florida 87,445
11%
1820 Illinois 55,211
11%
No matching quizzes found
Score Distribution
Percent of People with Each Score
Percentile by Number Answered
Your Score History
You have not taken this quiz